000 01108cab a2200229 4500
001 X2476
008 090401t1995 xxu||||| |||| 00| 0 eng d
035 _a(Sirsi) u24518
041 _aeng
245 _aR v Runnymede BC, ex parte Smith
260 _c1995
350 _a0
490 _aProperty and Compensation Reports
_v(1995) 70 P&CR 244-249(6)
520 _aQBD 10 November 1994. Refusal of planning permission for use of a mobile home within green belt as a gypsy caravan site - enforcement notices issued - continued use of land - ex parte injunction obtained to restrain continued use of land - committal proceedings instituted for continued use in contempt of the injunction - whether a local plan policy which restricted further gypsy caravan sites was an illegal contravention of the Race RElations Act 1976 - whether the policy was a fetter on discretion. (Journal abstract.)
650 _aCARAVAN SITES
650 _aGYPSIES
650 _aGYPSY CARAVAN SITE
650 _aRACE RELATIONS ACT 1976
690 _aPLANNING LAW AND PRACTICE-CASE LAW
942 _n0
948 _c04/03/1997
999 _c16444
_d16444